000 00287nam a22001217a 4500
008 180302b xxu||||| |||| 00| 0 eng d
041 _aeng
080 _a004
100 _a36
101 _ashk
245 _asimulink dynamic simulation for mat lab
_cjames.d
942 _2udc
_cBK
999 _c43924
_d43924